000 00526nam a2200181Ia 4500
999 _c16248
_d16248
003 OSt
005 20200606115903.0
008 190216s9999||||xx |||||||||||||| ||und||
020 _a8186747087
040 _cMESKC library
082 _a891.434
_bSAR/N
100 _aSarwade, Vishnu Ranaba
_9407
245 0 _aNibandhakar Jainendr Kumar /
_cVishnu Ranaba Sarwade
260 _bAnga Prakashan,
_aDelhi:
_c2001.
300 _a262p
650 _aHindi
942 _cBK
_2ddc
_h891.434
_iSAR/N
_k891.434
_mSAR/N